000 00695cab a2200241 4500
001 ABS56402
008 090401t1996 xxu||||| |||| 00| 0 eng d
035 _a(Sirsi) u23353
041 _aeng
100 _aSeidl, A.
245 _aRebel with a cause
260 _c1996
350 _a0
490 _aEstates Gazette
_v(9649) 7 December 1996, 54-55(2)
520 _aAn interview with Andrew Huntley, the chairman of Richard Ellis, discussing the firm`s plans for the future.
650 _aINCORPORATION
650 _aMANAGEMENT
650 _aCBRE
650 _aSURVEYING FIRMS
690 _aMANAGEMENT-BUSINESS MANAGEMENT-PROFESSIONAL PRACTICE
942 _n0
948 _c04/03/1997
999 _c15612
_d15612